banner koha

Características físicas e químicas da madeira de Acrocarpus fraxinifolius Wight Arn (Registro n. 293357)

MARC details
000 -LÍDER
campo de controle de tamanho fixo 01092nac a22003377a 4500
001 - NÚMERO DE CONTROLE
campo de controle BR0400092
003 - IDENTIFICADOR DO NÚMERO DE CONTROLE
campo de controle BR-BrBNA
005 - DATA E HORÁRIO DA ÚLTIMA TRANSAÇÃO
campo de controle 20240105122930.0
008 - CAMPO DE DADOS FIXOS--INFORMAÇÃO GERAL
campo de controle de tamanho fixo 230509b bl.|||m| |||| 00| 0 por d
040 ## - FONTE DA CATALOGAÇÃO
Instituição da catalogação original BR-BrBNA
Idioma da catalogação por
Instituição que transcreveu o registro Biblioteca Nacional de Agricultura
072 ## - CÓDIGO DE CATEGORIA DE ASSUNTO
Código de Categoria de Assunto K50
090 ## - NÚMERO DE CHAMADA LOCAL
Número de chamada 8901 BR0400092
100 1# - ENTRADA PRINCIPAL--NOME PESSOAL
Nome pessoal Prado, C. de A.
100 1# - ENTRADA PRINCIPAL--NOME PESSOAL
Nome pessoal Pereira, J.C.D.
100 1# - ENTRADA PRINCIPAL--NOME PESSOAL
Nome pessoal Mattos, P.P. de
100 1# - ENTRADA PRINCIPAL--NOME PESSOAL
Nome pessoal Schaitza, E.G.
100 1# - ENTRADA PRINCIPAL--NOME PESSOAL
Nome pessoal Higa, A.R.
110 1# - ENTRADA PRINCIPAL--NOME CORPORATIVO
Nome corporativo ou nome da jurisdição EMBRAPA Florestas, Colombo, PR (Brasil)
245 1# - TÍTULO
Título Características físicas e químicas da madeira de Acrocarpus fraxinifolius Wight <br/> Arn
260 3# - PUBLICAÇÃO, DISTRIBUIÇÃO, ETC.
Local de publicação, distribuição, etc. Colombo, PR (Brasil):
Data da publicação, distribuição, etc. 2003.
300 ## - DESCRIÇÃO FÍSICA
Extensão 14 p.
490 ## - TÍTULO DA SÉRIE
Título da série Boletim de Pesquisa e Desenvolvimento - EMBRAPA Florestas (Brazil)
Número do volume ou designação sequencial da série no. 14
ISSN - International Standard Serial Number ISSN 1676-9449
500 ## - NOTA GERAL
Nota geral Summaries (En, Pt); 9 ref.
650 ## - ASSUNTO--TERMO TÓPICO
Cabeçalho tópico ou nome geográfico MADEIRA
650 ## - ASSUNTO--TERMO TÓPICO
Cabeçalho tópico ou nome geográfico PROPRIEDADE FÍSICO-QUÍMICA
650 ## - ASSUNTO--TERMO TÓPICO
Cabeçalho tópico ou nome geográfico ESSÊNCIA FLORESTAL
650 ## - ASSUNTO--TERMO TÓPICO
Cabeçalho tópico ou nome geográfico COMPOSIÇÃO QUÍMICA
650 ## - ASSUNTO--TERMO TÓPICO
Cabeçalho tópico ou nome geográfico DENSIDADE DA MADEIRA
909 ## -
-- 202312
-- Lúcia Elande
-- 55
-- Lúcia Elande
942 ## - ELEMENTOS DE ENTRADA ADICIONADOS (KOHA)
Fonte da classificação ou esquema de arquivamento na estante Classificação AGRIS
Ocultar no OPAC Não
Tipo de material Koha Monografia Seriada
Exemplares
Situação do descarte Fonte da classificação ou esquema de arquivamento na estante Situação física Não pode ser emprestado Coleção Biblioteca de origem Biblioteca atual Localização na estante Total de empréstimos Número de telefone completo Código de barras Data de último acesso Tipo de material Koha Fonte de aquisição
  Classificação AGRIS       Biblioteca Nacional de Agricultura - Binagri Biblioteca Nacional de Agricultura - Binagri Agrobase - Acervo Geral   8901 BR0400092 8901 BR0400092 18/12/2023 Monografia Seriada Portaria Interministerial nº 164/94

BINAGRI

Telefone: (61)3218-2567/2388/3357/2097 - binagri@agro.gov.br

Ministério da Agricultura e Pecuária , Esplanada dos Ministérios, Bloco D, Anexo B, Brasília/DF, CEP: 70.043-900